000 01246nam0a22002531 4500
001 rc\1114933
005 20250622182911.0
035 _a(NLR Aleph) 006358520
090 _a4877002
_c4877002
100 _a20041126d1982 |||y0rusy50 ca
101 0 _arus
102 _aRU
105 _aa |||||||||
200 1 _aВыставка произведений художников РСФСР, Украинской ССР и Белорусской ССР, посвященная 1500-летию г. Киева
_eКаталог
_f[Сост.: Н.Н. Новоуспенский и др.]
210 _aКиев
_cБ. и.
_d1982
215 _a128 с.
_cил.
_d21
300 _aВ надзаг.: М-во культуры РСФСР, М-во культуры УССР, М-во культуры БССР, Союз художников РСФСР, Союз художников УССР, Союз художников БССР
300 _aКиев 1500
710 1 2 _aВыставка произведений художников РСФСР, УССР и БССР, посвященная 1500-летию г. Киева
_f1982
_eКиев
801 0 _aRU
_bNLR
_gpsbo
801 1 _aRU
_bELAR
_2rusmarc
852 _aNLR
_bЭ
_jКК384/1982
942 _cBOOK
980 _aNB